| 000 | 00594nam a22001937a 4500 | ||
|---|---|---|---|
| 005 | 20251108164327.0 | ||
| 008 | 250721s1972 xx 000 0 ara d | ||
| 082 | 1 | 4 | _a219.9/محم |
| 100 | 1 | _aبريغش، محمد حسن | |
| 245 | 1 | 0 | _aمصعب بن عمير الداعيه المجاهد / |
| 264 | 1 |
_aبيروت : _bدار القلم، _c1972. |
|
| 300 | _a288ص. | ||
| 490 | 0 | _aسلسلة أعلام المسلمين ؛ 3 | |
| 650 | 1 | 7 | _aالسيرة النبوية |
| 650 | 1 | 7 | _aالصحابة و التابعون |
| 650 | 1 | 7 | _aآل البيت |
| 942 |
_2ddc _cBK |
||
| 999 |
_c9427 _d9427 |
||